Score 0/14 Timer 01:30
0 Plays Today
Hint 4-Letter Word % Correct
☑ Someone with no siblings: ____ child ☑☑ ONLY ☑
98.3%
Opposite of shortTALL
93.6%
Slick or greasyOILY
92.3%
☑ Ferrell, Smith, or Rogers, e.g. ☑☑ WILL ☑
92%
What Reagan wanted Gorbachev to tear downWALL
91.9%
☑ 'Person of the Year' magazine ☑☑ TIME ☑
90.7%
A dead man won't tell oneTALE
89.8%
Hint 4-Letter Word % Correct
Ceramic squareTILE
89%
Like domesticated animalsTAME
86.8%
Cunning like a coyote?WILY
82.8%
To lean or slantTILT
82.7%
Drawer for moneyTILL
82.4%
To lose freshness or dry outWILT
79.2%
☑ Poker face flaw ☑☑ TELL ☑
75.4%

Today's Daily Dose

Remove Ads.
Support Sporcle.
Get the best of Sporcle when you Go Orange. This ad-free experience offers more features, more stats, and more fun while also helping to support Sporcle. Thank you for becoming a member.

You're not logged in!

Compare scores with friends on all Sporcle quizzes.
OR
Log In

Show Comments

Extras

Top Quizzes Today


Score Distribution

Your Account Isn't Verified!

In order to create a playlist on Sporcle, you need to verify the email address you used during registration. Go to your Sporcle Settings to finish the process.

Report this User

Report this user for behavior that violates our Community Guidelines.

Details: